=LDR 00000nam 2200000 4500 =001 INLIS000000000050684 =005 20170515104120 =035 ##$$a 0010-0517000337 =007 ta =008 170515###########################0###### =020 ##$$a 978-602-9186-55-0 =082 ##$$a 745.5 =084 ##$$a 745.5 YUL a =100 #$$a Yulia =245 1#$$a Aksesori dari Zipper /$c Yulia =250 ##$$a Cet.2 =260 ##$$a Surabaya :$b Tiara Aksa,$c 2013 =300 ##$$a 76 hlm. : $b Ilus ; $c 21 cm. =650 ##$$a KERAJINAN TANGAN =990 ##$$a 83898389 =990 ##$$a 83898389 =990 ##$$a 31700197 =990 ##$$a 02201708389 =990 ##$$a 31700198 =990 ##$$a 31700197